000 00599nam a22002177a 4500
003 UA-OsUOA
001 38254
007 ta
008 20060503b un ||||| |||| 00| 0 ukr d
100 _aБельтюков Євген
090 _a32
_bБ11
942 _cSA
040 _aUA-OsUOA
_bukr
_cUA-OsUOA
_dUA-OsUOA
245 _aНайважливіший інструмент управління економікою України
300 _a20 с.
955 _a0
041 _aukr
080 _a32
773 0 _w38253
_tЕкономіст
_dК.
_d2006
_g3
650 7 _a32 Політика
_2UDC
999 _c324420
_d324420